MDQL
is popping MORE tags! Check the
thread
!
Quizzes
Events
Quiz Creation
Community
Videos
Private Events
Remove Ads
Sign In
Join for FREE
Feedback
Dark Mode
Quiz Categories
Sports
Geography
Music
Movies
Television
Just For Fun
Miscellaneous
History
Literature
Language
Science
Gaming
Entertainment
Religion
Holiday
For Kids
Quiz Lab
Recent
Popular Today
Quiz Kudos Today
Editor Picks
Curator Picks
Quizzes by...
Day
Popularity
Type
Ratings
Length
Year
Community
Subscriptions
Recent Discussions
Orange Saloon
Badges
Playlists
Quests
Create
Leaderboards
Showdown
Live 5
Trivia Bingo
Activity
Puzzle Library
Sporcle Events
Private Events
Virtual Trivia
Globe League
Become a Host
Pub Owners
SporcleCon
Opinionation
Our Games
Videos
Blog
Mobile Apps
Partnerships
Remove Ads and Go Orange
Feedback
History
US Presidents
World Leaders
Politics
Nation
Discovery
War
Decade
Year
Century
Biography
Art
History
US Presidents
World Leaders
Politics
Nation
Discovery
War
Decade
Year
Century
Biography
Art
Random Quiz
Search Sporcle
×
Quiz Lab
Quiz Lab
History
United States
Type in answers that appear in a list
Type in answers that appear in a list
Classic
Best Score? Go Orange.
112th U.S. Congress's Senators Stats
Can you name the 100 Senators participating in America's 112th Congress?
By
noveed
10m
100 Questions
907 Plays
907 Plays
907 Plays
Comments
Comments
Give Quiz Kudos
Give Quiz Kudos
-
- Ratings
hide this ad
Replay
Link that replays current quiz
Next Quiz
Link to next quiz in quiz playlist
You Got
0%
They Got
Avg Score
61%
Avg Friend Score
Upgrade to see
Score Distribution
Jump to the score distribution portion of the page
Score
0/100
Timer
10:00
0
Plays Today
State
Senator
% Correct
Arizona
John McCain
90.3%
Massachusetts
Scott Brown
87%
Ohio
Sherrod Brown
86.9%
California
Barbara Boxer
85.9%
California
Dianne Feinstein
83.4%
Connecticut
Joe Lieberman
80.7%
Massachusetts
John Kerry
80.5%
Nevada
Harry Reid
80.2%
Maine
Olympia Snowe
79.2%
Kentucky
Mitch McConnell
78.5%
Florida
Marco Rubio
77.5%
Kentucky
Rand Paul
77%
Alaska
Lisa Murkowski
76.3%
Minnesota
Al Franken
76%
Arizona
John Kyl
75.6%
Florida
Bill Nelson
75.5%
Nebraska
Ben Nelson
75.1%
Maine
Susan Collins
74.7%
New York
Charles Schumer
74.5%
Alabama
Jeff Sessions
72.5%
Illinois
Dick Durbin
72.1%
Hawaii
Daniel Inouye
70.6%
Louisiana
Mary Landrieu
70.5%
Colorado
Mark Udall
69.2%
New Mexico
Tom Udall
69.1%
Vermont
Bernie Sanders
68.9%
Missouri
Claire McCaskill
67.8%
South Carolina
Lindsay Graham
67.4%
Georgia
Saxby Chambliss
67.2%
Hawaii
Daniel Akaka
66.9%
New York
Kirsten Gillibrand
66.6%
Alaska
Mark Begich
66.2%
Alabama
Richard Shelby
65.7%
South Dakota
Tim Johnson
65.2%
State
Senator
% Correct
Wisconsin
Ron Johnson
65%
Louisiana
David Vitter
64.8%
Iowa
Chuck Grassley
63.9%
Utah
Orrin Hatch
63.9%
New Jersey
Robert Menendez
63.7%
Maryland
Barbara Mikulski
63.6%
Illinois
Mark Kirk
63.5%
Michigan
Debbie Stabenow
63.4%
Colorado
Michael Bennet
62.8%
Montana
John Tester
62.4%
Pennsylvania
Pat Toomey
62.4%
Connecticut
Richard Blumenthal
61.8%
Michigan
Carl Levin
61.6%
South Carolina
Jim DeMint
60.6%
Texas
Kay Bailey Hutchison
60.5%
Minnesota
Amy Klobuchar
60.2%
Arkansas
Mark Pryor
60%
Delaware
Chris Coons
59.8%
New Hampshire
Kelly Ayotte
59.7%
Maryland
Ben Cardin
59.5%
Washington
Patty Murray
59.4%
Rhode Island
Sheldon Whitehouse
59.3%
Texas
John Cornyn
59.1%
West Virginia
Jay Rockefeller
59.1%
Idaho
Mike Crapo
58.5%
Virginia
Mark Warner
58.2%
Pennsylvania
Bob Casey, Jr.
57.4%
West Virginia
Joe Manchin
57.4%
Iowa
Tom Harkin
57.3%
Vermont
Patrick Leahy
56.6%
Virginia
Jim Webb
56.2%
South Dakota
John Thune
55.8%
Ohio
Rob Portman
55.7%
Tennessee
Lamar Alexander
55.4%
State
Senator
% Correct
New Jersey
Frank Lautenberg
55.3%
Oklahoma
Tom Coburn
55.3%
Oklahoma
Jim Inhofe
54.6%
North Carolina
Kay Hagan
54.4%
Delaware
Tom Carper
54%
Montana
Max Baucus
54%
Rhode Island
Jack Reed
54%
Arkansas
John Boozman
53.4%
Oregon
Ron Wyden
53.4%
New Hampshire
Jeanne Shaheen
52.5%
Tennessee
Bob Corker
52.4%
Washington
Maria Cantwell
52.4%
Georgia
Johnny Isakson
52.2%
North Carolina
Richard Burr
50.9%
Utah
Mike Lee
50.9%
Indiana
Joe Donelley
50.4%
Wisconsin
Herb Kohl
50.2%
Mississippi
Thad Cochran
49.2%
Missouri
Roy Blunt
49.1%
Nevada
John Ensign
48.9%
Kansas
Pat Roberts
46%
Indiana
Dan Coats
45.3%
Mississippi
Roger Wicker
45.3%
Oregon
Jeff Merkley
44.4%
Wyoming
Mike Enzi
44.4%
Wyoming
John Barrasso
42.2%
Idaho
Jim Risch
41.8%
North Dakota
Kent Conrad
41.8%
North Dakota
John Hoeven
40.8%
New Mexico
Jeff Bingaman
39.2%
Kansas
Jerry Moran
39%
Nebraska
Mike Johanns
33.2%
Quiz Playlist
Details
Report
Send in Message
Add To Playlist
Classic:
Type in answers that appear in a list
Quiz Source
Last Updated: Dec 25, 2018
Quiz Scoreboard
CHALLENGE
Sign Up to Join the Scoreboard
Show All
Scores
Hide
Comments
May contain spoilers
Recently Published
Two Season TV Shows II
by 123Four
Television
10m
Image Sorting: Flags VI
by Barbecue
Geography
2m
Find the 'City' Movie
by crazypaving
Movies
60s
More to Explore
Quiz From the Vault
Featured Blog Post
14 Easter Pick-up Lines to Find Eggs With
hide this ad
You Might Also Like...
Tags
Politics Quiz
State Quiz
United States Quiz
100
America
congress
democratic
participant
Party
republican
senator
Today's Top Quizzes in History
Browse History
hide this ad
Today's Top Quizzes in United States
Browse United States
Top Contributed Quizzes in History
1
I Am Born On March 29th
2
Order Up: 1000 Years of World Events I
3
US National Parks Named After People
4
Popular People in 1991
5
Popular People in 1951
6
Popular People in 1941
7
Popular People in 1981
8
Popular People in 1986
9
Popular People in 1921
10
Popular People in 1976
Explore More
Trending Topics
Kpop
Harry Potter
Anime
NBA
Disney
Crossword
Marvel
Puzzle
NFL
Song
Country
Pokémon
WWE
Soccer
The Office
hide this ad
More By:
noveed
Quiz
Plays
Rating
Category
Featured
Created
112th U.S. Congress's Senators
907
2.80
History
Jan 2, 2011
Things 'Imma Be...'
434
2.50
Music
Jan 14, 2010
New U.S. Senators 2011
115
4.00
History
Jan 4, 2011
Go to Creator's Profile
Score Distribution
Quiz Creator Spotlight
noveed
Follow
Send a Message
Quizzes Created
-
Created Quiz Play Count
-
More By This Creator
Popular Quizzes Today
1
Find the US States - No Outlines Minefield
2
Colored Red Africa Blitz
3
Find the 'City' Movie
4
5x2 Blitz: Bands
5
The Countries of the World
6
Find the Countries of Europe - No Outlines Minefield
7
Find the US States
8
US States
More History Quizzes
Anyone but Andrew Jackson
Quiz Lab
Trending Quizzes
Colored Red Europe Blitz I
Colored Red Africa Blitz II
Colored Red Europe Blitz II
Colored Red Africa Blitz III
Even More Two Season TV Shows
Recently Updated
March Madness Men's Triple Doubles
pecheneg
How Do You Spell That?
pecheneg
Godzilla Movies
pecheneg
Grab Bag: 4-10 Letters
pecheneg
2024 March Madness Bracket
pecheneg
Famous TV Couples
Peacemaker
Champions League XIs: Real Madrid
pecheneg
Largest US Cities 1790-2010
pecheneg
Rides in Walt Disney World
pecheneg
Most Oscar Losses (Acting)
pecheneg
Trending Topics
NBA
Marvel
Crossword
Anime
Kpop
Harry Potter
Disney
The Office
Song
Country
Puzzle
NFL
WWE
Soccer
Pokémon
Your Account Isn't Verified!
In order to create a playlist on Sporcle, you need to verify the email address you used during registration. Go to your
Sporcle Settings
to finish the process.
Report this User
Report this user for behavior that violates our
Community Guidelines
.
Details:
Send Report
Go to the Sporcle.com Mobile Site →
Comments